[Event "SG Niederkassel 1 - SV Sundern 1"]
[Site "NRW-Klasse. Gruppe 1 2017/201"]
[Date "2017.10.15"]
[Round "2.4"]
[White "Guelsen, Taylan"]
[Black "Plass, Mariana-Camelia"]
[Result "1/2-1/2"]
[WhiteElo "2134"]
[BlackElo "2020"]
[PlyCount "86"]
[EventDate "2017.??.??"]
[WhiteTeam "SG Niederkassel 1"]
[BlackTeam "SV Sundern 1"]

1. d4 Nf6 2. Bf4 d5 3. e3 e6 4. c3 c5 5. Nd2 Nc6 6. Bd3 Bd6 7. Bxd6 Qxd6 8. f4
cxd4 9. cxd4 Bd7 10. a3 O-O 11. Ngf3 Rac8 12. O-O g6 13. Qe1 Ne8 14. Qh4 f5 15.
Rac1 Qe7 16. Qxe7 Nxe7 17. Rxc8 Bxc8 18. Rc1 Nc6 19. Ne5 Nxe5 20. dxe5 Bd7 21.
Nb3 b6 22. Nd4 Kf7 23. Kf2 Ke7 24. b4 Kd8 25. b5 Nc7 26. a4 Kc8 27. h4 h5 28.
Ke2 Kb7 29. Kd2 Rc8 30. g3 Ne8 31. Rxc8 Kxc8 32. Kc3 Nc7 33. Kb4 Kb7 34. a5 Be8
35. Bf1 Bd7 36. Nf3 Kc8 37. Bd3 Kb7 38. Nd4 Be8 39. a6+ Kc8 40. Be2 Bd7 41. Nc2
Ne8 42. Bf3 Nc7 43. Nd4 Kd8 1/2-1/2

[Event "SG Niederkassel 1 - SV Sundern 1"]
[Site "NRW-Klasse. Gruppe 1 2017/201"]
[Date "2017.10.15"]
[Round "2.5"]
[White "Plass, Heinz"]
[Black "Broehl, Stephan"]
[Result "1-0"]
[WhiteElo "2026"]
[BlackElo "2101"]
[PlyCount "41"]
[EventDate "2017.??.??"]
[WhiteTeam "SV Sundern 1"]
[BlackTeam "SG Niederkassel 1"]

1. d4 d5 2. c4 c6 3. Nf3 Nf6 4. e3 Bg4 5. Qb3 Qb6 6. Nc3 e6 7. Nh4 Bh5 8. h3
Na6 9. g4 Bg6 10. Nxg6 hxg6 11. Bg2 Qb4 12. cxd5 Qxb3 13. axb3 Nb4 14. O-O exd5
15. g5 Ne4 16. Nxe4 dxe4 17. Bxe4 Rxh3 18. Bd2 Rh4 19. f4 Be7 20. Ra4 Na6 21.
Rxa6 1-0

[Event "SG Niederkassel 1 - SV Sundern 1"]
[Site "NRW-Klasse. Gruppe 1 2017/201"]
[Date "2017.10.15"]
[Round "2.7"]
[White "Kevekordes, Peter"]
[Black "Freundlieb, Thomas"]
[Result "0-1"]
[WhiteElo "1863"]
[BlackElo "1976"]
[PlyCount "110"]
[EventDate "2017.??.??"]
[WhiteTeam "SV Sundern 1"]
[BlackTeam "SG Niederkassel 1"]

1. e4 d6 2. d4 Nf6 3. Nc3 Nbd7 4. Nf3 e5 5. Be2 Be7 6. O-O c6 7. h3 Qc7 8. Be3
b5 9. a3 a6 10. Qd2 O-O 11. Nh2 Bb7 12. Ng4 exd4 13. Nxf6+ Nxf6 14. Bxd4 c5 15.
Bxf6 Bxf6 16. Rab1 Bxc3 17. Qxc3 Bxe4 18. Rbd1 Rfe8 19. Bf3 Rad8 20. Bxe4 Rxe4
21. Rd5 Re5 22. Rfd1 Rxd5 23. Rxd5 Re8 24. Qd2 Re6 25. Kf1 Qe7 26. Qa5 g6 27.
Qd2 Kg7 28. Rd3 Qf6 29. c3 Qe5 30. Rg3 Qe4 31. Qd1 a5 32. Rd3 Qe5 33. Rg3 a4
34. Qd2 Qe4 35. Qd1 h5 36. Rd3 Qe5 37. g3 Qe4 38. Kg1 Qe1+ 39. Qxe1 Rxe1+ 40.
Kg2 Re2 41. Rxd6 Rxb2 42. Rb6 Rb3 43. c4 bxc4 44. Rc6 Rxa3 45. Rxc5 Rc3 46. Ra5
a3 47. Kf1 Rb3 48. Ke1 Rb1+ 49. Kd2 Rb2+ 50. Kc1 Rxf2 51. Rxa3 Kf6 52. Rc3 Rg2
53. Kd1 Ke5 54. Rxc4 Rxg3 55. h4 Rg4 0-1

[Event "SG Niederkassel 1 - SV Sundern 1"]
[Site "NRW-Klasse. Gruppe 1 2017/201"]
[Date "2017.10.15"]
[Round "2.8"]
[White "Schnellbacher, Jan Eric"]
[Black "Schober, Ralf"]
[Result "1/2-1/2"]
[WhiteElo "1758"]
[BlackElo "2017"]
[Annotator "Daniel"]
[PlyCount "43"]
[EventDate "2017.??.??"]
[WhiteTeam "SG Niederkassel 1"]
[BlackTeam "SV Sundern 1"]

1. e4 e6 2. d3 d5 3. Nd2 Nf6 4. g3 Nc6 5. Bg2 Bc5 6. Ngf3 O-O 7. O-O dxe4 8.
Nxe4 Nxe4 9. dxe4 Qxd1 10. Rxd1 e5 11. Rd5 $11 Bb6 12. Nxe5 Nxe5 13. Rxe5 c6
14. Bf1 Be6 15. Be3 Bxe3 16. fxe3 Rfd8 17. Bd3 b6 18. Rh5 f6 19. e5 g6 20. Rh4
fxe5 21. Re4 Bf5 22. Rxe5 1/2-1/2

[Event "SC Rochade Emsdetten 1 - Brühler SK 1"]
[Site "NRW-Klasse. Gruppe 1 2017/201"]
[Date "2017.10.15"]
[Round "2.1"]
[White "Loifenfeld, Jakov"]
[Black "Kabatianski, Alexander"]
[Result "1/2-1/2"]
[WhiteElo "2413"]
[BlackElo "2307"]
[PlyCount "142"]
[EventDate "2017.??.??"]
[WhiteTeam "Brühler SK 1"]
[BlackTeam "SC Rochade Emsdetten 1"]

1. d4 Nf6 2. c4 e6 3. Nc3 Bb4 4. e3 O-O 5. Nge2 d5 6. a3 Be7 7. cxd5 exd5 8.
Nf4 c6 9. Bd3 Na6 10. O-O Nc7 11. b4 Ne6 12. Nh5 g6 13. Nxf6+ Bxf6 14. Qb3 a6
15. a4 Bd7 16. Ra2 b5 17. Bd2 Qc7 18. Rfa1 Rab8 19. axb5 axb5 20. Ra7 Rb7 21.
R7a6 Rfb8 22. Ne2 h5 23. Qc2 h4 24. f4 Ng7 25. Kh1 Rb6 26. Ra7 R6b7 27. R7a6
Rb6 28. Ra7 R6b7 29. R7a3 Nf5 30. Ng1 Nd6 31. Nf3 Nc4 32. Ra6 Kg7 33. Ne5 Rb6
34. Rxb6 Rxb6 35. e4 Bc8 36. Rf1 Ra6 37. Bc1 Qa7 38. Qc3 Qc7 39. Nf3 dxe4 40.
Bxe4 Nd6 41. Bc2 Bf5 42. Ne5 Qc8 43. Bb3 Be4 44. Kg1 Qf5 45. Re1 Bd5 46. Bc2
Qc8 47. Bb1 Nf5 48. Bb2 Bd8 49. Qh3 Ra7 50. g4 hxg3 51. hxg3 Bb6 52. g4 Nd6 53.
f5 Qh8 54. Qxh8+ Kxh8 55. fxg6 f6 56. Nf7+ Nxf7 57. gxf7 Kg7 58. Kf2 Ra4 59.
Ke3 Kxf7 60. Bc3 Bc7 61. Rf1 Ke7 62. Be4 Bd6 63. Bxd5 cxd5 64. Rh1 Bxb4 65.
Rh7+ Ke6 66. Bxb4 Rxb4 67. Rb7 Rb1 68. Rb6+ Ke7 69. Rb7+ Ke6 70. Rb6+ Ke7 71.
Rb7+ Ke6 1/2-1/2

[Event "SC Rochade Emsdetten 1 - Brühler SK 1"]
[Site "NRW-Klasse. Gruppe 1 2017/201"]
[Date "2017.10.15"]
[Round "2.2"]
[White "Hiller, Simon"]
[Black "Schiffer, Stefan"]
[Result "1-0"]
[WhiteElo "2113"]
[BlackElo "2229"]
[PlyCount "79"]
[EventDate "2017.??.??"]
[WhiteTeam "SC Rochade Emsdetten 1"]
[BlackTeam "Brühler SK 1"]

1. Nf3 Nf6 2. c4 e6 3. g3 b6 4. Bg2 Bb7 5. O-O Be7 6. Nc3 O-O 7. Re1 d6 8. e4
Nbd7 9. d4 e5 10. h3 a5 11. b3 Re8 12. d5 Nc5 13. Qc2 Qd7 14. Be3 c6 15. Nd2
cxd5 16. exd5 Rec8 17. a3 Bd8 18. b4 Na6 19. Qb3 Rab8 20. Nb5 Bxd5 21. cxd5
axb4 22. a4 Nc5 23. Qxb4 Nd3 24. Qxd6 Qe8 25. Qa3 Nxe1 26. Rxe1 Be7 27. Qb2 Qd7
28. Qxe5 Bb4 29. Rd1 Ra8 30. Ne4 Nxe4 31. Bxe4 Re8 32. Qf5 Qxf5 33. Bxf5 Rxa4
34. d6 Ra5 35. d7 Rd8 36. Bxb6 Rxb5 37. Bxd8 Rxf5 38. Bc7 Be7 39. d8=Q+ Bxd8
40. Rxd8# 1-0

[Event "SC Rochade Emsdetten 1 - Brühler SK 1"]
[Site "NRW-Klasse. Gruppe 1 2017/201"]
[Date "2017.10.15"]
[Round "2.3"]
[White "Keller, Thomas"]
[Black "De Groote, Ewoud"]
[Result "0-1"]
[WhiteElo "2233"]
[BlackElo "2266"]
[PlyCount "75"]
[EventDate "2017.??.??"]
[WhiteTeam "Brühler SK 1"]
[BlackTeam "SC Rochade Emsdetten 1"]

1. e4 e5 2. Nf3 Nc6 3. Bc4 Nf6 4. d4 exd4 5. e5 d5 6. Bb5 Nd7 7. O-O Be7 8. Re1
O-O 9. Bxc6 bxc6 10. Nxd4 Nb8 11. Nc3 c5 12. Nde2 d4 13. Na4 Bf5 14. b3 a5 15.
Ng3 Bd7 16. Nb2 a4 17. Bd2 Re8 18. Qf3 Ra6 19. Nxa4 Bxa4 20. bxa4 Qd7 21. Nf5
Bf8 22. Re4 Qxa4 23. c3 Qc2 24. Be1 g6 25. Ng3 d3 26. Rd1 Rd8 27. Bd2 Bg7 28.
Bg5 Rd5 29. Bf6 Nd7 30. Re3 Bxf6 31. exf6 Rxf6 32. Qxd5 Qxd1+ 33. Nf1 Rd6 34.
Qa8+ Kg7 35. Re8 d2 36. h4 Qxf1+ 37. Kxf1 d1=Q+ 38. Re1 0-1

[Event "SC Rochade Emsdetten 1 - Brühler SK 1"]
[Site "NRW-Klasse. Gruppe 1 2017/201"]
[Date "2017.10.15"]
[Round "2.4"]
[White "Lehmann, Holger"]
[Black "Schaefer, Juergen"]
[Result "1/2-1/2"]
[WhiteElo "2168"]
[BlackElo "2164"]
[PlyCount "70"]
[EventDate "2017.??.??"]
[WhiteTeam "SC Rochade Emsdetten 1"]
[BlackTeam "Brühler SK 1"]

1. d4 g6 2. c4 Bg7 3. Nc3 d6 4. e4 e5 5. d5 f5 6. Bd3 Nf6 7. f3 O-O 8. Be3 c6
9. Nge2 cxd5 10. cxd5 fxe4 11. Nxe4 Nxe4 12. Bxe4 Bh6 13. Bxh6 Qh4+ 14. Ng3
Qxh6 15. Qd2 Qxd2+ 16. Kxd2 Bf5 17. h4 Na6 18. h5 Nc5 19. b4 Nxe4+ 20. fxe4 Bd7
21. hxg6 hxg6 22. Rh6 Kg7 23. Rah1 Rh8 24. Rxh8 Rxh8 25. Rxh8 Kxh8 26. Nf1 Kg7
27. Ne3 Bb5 28. a4 Bxa4 29. Nc4 Bd7 30. Nxd6 b6 31. Nc4 Kf6 32. Kc3 Bg4 33. Kd2
Bd7 34. Kc3 Bg4 35. Kd2 Bd7 1/2-1/2

[Event "SC Rochade Emsdetten 1 - Brühler SK 1"]
[Site "NRW-Klasse. Gruppe 1 2017/201"]
[Date "2017.10.15"]
[Round "2.5"]
[White "Peters, Alex"]
[Black "Paalman, Henk-Jan"]
[Result "1/2-1/2"]
[WhiteElo "2178"]
[BlackElo "2123"]
[PlyCount "63"]
[EventDate "2017.??.??"]
[WhiteTeam "Brühler SK 1"]
[BlackTeam "SC Rochade Emsdetten 1"]

1. Nf3 d5 2. b3 Nf6 3. Bb2 g6 4. e3 Bg7 5. d4 O-O 6. Nbd2 Nbd7 7. Be2 c6 8. O-O
Re8 9. c4 dxc4 10. Nxc4 Nd5 11. a3 N5b6 12. Qc2 Nxc4 13. Bxc4 Nb6 14. Bd3 Bg4
15. Ne5 Be6 16. b4 Bxe5 17. dxe5 Qd5 18. Bd4 Qb3 19. Rfc1 Qxc2 20. Rxc2 Red8
21. b5 Bb3 22. Rc3 Ba4 23. bxc6 Bxc6 24. Bxb6 axb6 25. Rb1 b5 26. f4 Ra5 27.
Rcb3 Rda8 28. Bxb5 Bd5 29. Rb4 Rxa3 30. e4 Bc6 31. Bxc6 bxc6 32. Rb8+ 1/2-1/2

[Event "SC Rochade Emsdetten 1 - Brühler SK 1"]
[Site "NRW-Klasse. Gruppe 1 2017/201"]
[Date "2017.10.15"]
[Round "2.6"]
[White "Mueller, Achim"]
[Black "Gramb, Marius"]
[Result "1-0"]
[WhiteElo "2002"]
[BlackElo "2075"]
[Annotator "Daniel"]
[PlyCount "75"]
[EventDate "2017.??.??"]
[WhiteTeam "SC Rochade Emsdetten 1"]
[BlackTeam "Brühler SK 1"]

1. e4 c5 2. d4 cxd4 3. c3 Nf6 4. e5 Nd5 5. Nf3 Nc6 6. Bc4 Nb6 7. Bb3 d6 8. exd6
Qxd6 9. cxd4 Be6 10. O-O Bxb3 11. Qxb3 Qb4 12. Nc3 Qxb3 13. axb3 e6 14. Bg5 Be7
15. Bxe7 Kxe7 16. Rfd1 Rhd8 17. Ne2 f6 18. h4 Rd7 19. Nf4 Nd5 20. Nd3 b6 21.
Re1 Rc8 22. Re4 $11 Kf7 23. Rae1 Re8 24. R1e2 h6 25. h5 Rc7 26. Nh4 Ncb4 27.
Ne1 Rec8 28. Ng6 Rc6 29. f4 Rd6 30. g4 f5 31. gxf5 exf5 32. Re5 Rf6 33. Nc2
Rxc2 34. Rxc2 Nxc2 35. Rxd5 Ke6 36. Rd8 Rf7 $11 37. d5+ Kf6 38. Rd6# 1-0

[Event "SC Rochade Emsdetten 1 - Brühler SK 1"]
[Site "NRW-Klasse. Gruppe 1 2017/201"]
[Date "2017.10.15"]
[Round "2.7"]
[White "Spilles, Matthias"]
[Black "Lemli, Thomas"]
[Result "1-0"]
[WhiteElo "2139"]
[BlackElo "1976"]
[PlyCount "127"]
[EventDate "2017.??.??"]
[WhiteTeam "Brühler SK 1"]
[BlackTeam "SC Rochade Emsdetten 1"]

1. e4 c6 2. d4 d5 3. exd5 cxd5 4. Bd3 Nc6 5. c3 Qc7 6. Ne2 Bg4 7. f3 Bd7 8. Bf4
e5 9. dxe5 Nxe5 10. O-O Bd6 11. Re1 Ne7 12. Bg3 O-O 13. Nd4 Rfe8 14. Na3 a6 15.
Nac2 Nc4 16. Bxd6 Qxd6 17. Bxc4 dxc4 18. Qe2 b5 19. Rad1 Qc5 20. Qf2 Ng6 21.
Ne2 Qc7 22. Nb4 Ne7 23. Qg3 Qb6+ 24. Qf2 Qc7 25. Nd5 Nxd5 26. Rxd5 Bc6 27. Rd4
Qe5 28. Rdd1 Rad8 29. Nd4 Qc5 30. a3 h6 31. Rd2 Rxe1+ 32. Qxe1 Re8 33. Re2 Rxe2
34. Qxe2 Bd7 35. Qe4 Qd6 36. g3 g6 37. Kf2 Kg7 38. Ke3 h5 39. f4 Kf6 40. Nf3
Bc6 41. Qe5+ Qxe5+ 42. fxe5+ Ke7 43. Nd4 Bb7 44. Kf4 Bd5 45. Kg5 Be4 46. h4 Bd5
47. Kh6 Be4 48. Kg7 Bd5 49. Ne2 Bc6 50. Nf4 Be4 51. e6 fxe6 52. Nxg6+ Kd6 53.
Kf6 Bf3 54. Kg5 e5 55. Kf5 e4 56. Kf4 Kd5 57. Ne7+ Ke6 58. Nf5 Kd5 59. g4 hxg4
60. Ne3+ Ke6 61. Nxg4 Ke7 62. Nf2 Kf7 63. Nxe4 Bh5 64. Ke5 1-0

[Event "SC Rochade Emsdetten 1 - Brühler SK 1"]
[Site "NRW-Klasse. Gruppe 1 2017/201"]
[Date "2017.10.15"]
[Round "2.8"]
[White "Ortmeier, Leonhard"]
[Black "Haskelman, Evgen"]
[Result "1-0"]
[WhiteElo "2001"]
[BlackElo "2107"]
[PlyCount "151"]
[EventDate "2017.??.??"]
[WhiteTeam "SC Rochade Emsdetten 1"]
[BlackTeam "Brühler SK 1"]

1. e4 d5 2. exd5 Nf6 3. d4 Nxd5 4. c4 Nb6 5. Nf3 Bg4 6. Be2 Nc6 7. d5 Bxf3 8.
Bxf3 Ne5 9. Be2 g6 10. Nc3 c6 11. f4 Ned7 12. Qd4 Nf6 13. O-O Bg7 14. Rd1 O-O
15. Qd3 cxd5 16. cxd5 Rc8 17. Qf3 Ne8 18. a4 Nd6 19. Rd3 Nbc4 20. Rb1 Nf5 21.
Qf2 Qa5 22. b4 Qb6 23. Qxb6 Nxb6 24. Bb2 Bxc3 25. Bxc3 Nxd5 26. Rxd5 Rxc3 27.
Rd7 Rb8 28. Bf3 Ra3 29. a5 b6 30. Rxa7 bxa5 31. b5 Nd4 32. b6 Nxf3+ 33. gxf3
Rxf3 34. Rc7 Rd3 35. b7 Rdd8 36. Rbc1 a4 37. Rc8 Rxb7 38. Rxd8+ Kg7 39. Rd4 Ra7
40. Rcc4 a3 41. Ra4 Rb7 42. Rxa3 Kf6 43. Kg2 e6 44. Rad3 Rb5 45. Rd7 Rf5 46.
Rc3 Kg7 47. Rc4 Kg8 48. Kg3 Kg7 49. Re4 Kg8 50. Re5 Rf6 51. Rd8+ Kg7 52. Kg4 h6
53. Rc8 Kh7 54. Rb5 Kg7 55. h4 Kh7 56. Kf3 Kg7 57. Ke4 h5 58. Rg5 e5 59. fxe5
Rf1 60. Rc4 Rh1 61. Kd5 Rf1 62. Kd6 Re1 63. Ke7 f6 64. Rg3 Rxe5+ 65. Kd6 Ra5
66. Rc7+ Kh6 67. Ke7 Ra4 68. Kf7 g5 69. hxg5+ fxg5 70. Rc6+ Kh7 71. Rxg5 Ra7+
72. Kf6 Kh6 73. Kf5+ Kh7 74. Rxh5+ Kg7 75. Rg6+ Kf8 76. Rh8+ 1-0

[Event "Brühler SK 1 - SF Brackel 1"]
[Site "NRW-Klasse. Gruppe 1 2017/201"]
[Date "2017.11.19"]
[Round "3.1"]
[White "Luft, Dennis"]
[Black "Loifenfeld, Jakov"]
[Result "0-1"]
[WhiteElo "2245"]
[BlackElo "2413"]
[PlyCount "52"]
[EventDate "2017.??.??"]
[WhiteTeam "SF Brackel 1"]
[BlackTeam "Brühler SK 1"]

1. e4 Nf6 2. e5 Nd5 3. d4 d6 4. c4 Nb6 5. exd6 exd6 6. Bd3 Nc6 7. Be3 Be7 8.
Nc3 O-O 9. h3 Nb4 10. Be2 Bf5 11. Rc1 d5 12. b3 dxc4 13. bxc4 c5 14. d5 Bg5 15.
Bxc5 Bxc1 16. Bxb4 Bb2 17. Nb5 Re8 18. Qb3 Nxc4 19. Kf1 Qxd5 20. Bxc4 Rac8 21.
Be2 Qxb5 22. Qxb2 Bd3 23. a4 Bxe2+ 24. Nxe2 Rxe2 25. Qxe2 Qxb4 26. Qd1 Qb2 0-1

[Event "Brühler SK 1 - SF Brackel 1"]
[Site "NRW-Klasse. Gruppe 1 2017/201"]
[Date "2017.11.19"]
[Round "3.2"]
[White "Schiffer, Stefan"]
[Black "Fluechter, Gregor"]
[Result "0-1"]
[WhiteElo "2229"]
[BlackElo "2144"]
[Annotator "Daniel"]
[PlyCount "132"]
[EventDate "2017.??.??"]
[WhiteTeam "Brühler SK 1"]
[BlackTeam "SF Brackel 1"]

1. d4 d5 2. c4 c6 3. Nc3 Nf6 4. Nf3 dxc4 5. a4 Bf5 6. Ne5 e6 7. f3 Bb4 8. e4
Bxe4 9. fxe4 Nxe4 10. Bd2 Qxd4 11. Nxe4 Qxe4+ 12. Qe2 Bxd2+ 13. Kxd2 Qd5+ 14.
Kc2 Na6 15. Rd1 Qa5 16. Nxc4 Qxa4+ 17. b3 Nb4+ 18. Kc3 Nd5+ 19. Kb2 Qb4 20. Qd2
Qe7 21. Qd4 O-O 22. Bd3 a5 23. Qe4 g6 24. h4 a4 25. h5 axb3 26. Ra1 Nb4 27.
Kxb3 Nd5 28. Ne5 $11 Qc5 29. Rhc1 Qb6+ 30. Kc2 Rxa1 31. Rxa1 Qc5+ 32. Bc4 b5
33. Nd7 Qxc4+ 34. Qxc4 bxc4 35. Nxf8 Kxf8 36. h6 Ke7 37. Ra8 Ne3+ 38. Kc3 Ng4
39. Rh8 Nxh6 40. Rxh7 Ng4 41. Kd4 e5+ 42. Kc3 Ke6 43. Rh8 Kf5 44. g3 Ne3 45.
Rc8 Nf1 46. Rxc6 Nxg3 47. Kxc4 g5 48. Kd3 g4 49. Ke3 Nh5 50. Rc8 Nf4 51. Rd8 f6
52. Rd7 Ke6 53. Rd8 Nd5+ 54. Kf2 f5 55. Ra8 f4 56. Rf8 e4 57. Re8+ Kf5 58. Rf8+
Ke5 59. Re8+ Kd4 60. Rd8 e3+ 61. Ke1 Ke4 62. Kf1 Nb4 63. Ra8 Kf3 64. Ra3 Nc2
65. Rc3 Nd4 66. Ra3 g3 0-1

[Event "Brühler SK 1 - SF Brackel 1"]
[Site "NRW-Klasse. Gruppe 1 2017/201"]
[Date "2017.11.19"]
[Round "3.3"]
[White "Kartsev, Soel"]
[Black "Keller, Thomas"]
[Result "1-0"]
[WhiteElo "2164"]
[BlackElo "2233"]
[PlyCount "109"]
[EventDate "2017.??.??"]
[WhiteTeam "SF Brackel 1"]
[BlackTeam "Brühler SK 1"]

1. e4 e5 2. Nf3 Nc6 3. Bb5 Nf6 4. d3 d6 5. c3 Be7 6. O-O O-O 7. Nbd2 a6 8. Ba4
Re8 9. Re1 Bf8 10. Nf1 h6 11. Ng3 g6 12. h3 Bg7 13. Nh2 d5 14. Qe2 b5 15. Bb3
Be6 16. h4 Qd7 17. h5 d4 18. hxg6 fxg6 19. Nf3 Rad8 20. Nh4 Kh7 21. Bc2 dxc3
22. bxc3 b4 23. d4 exd4 24. e5 d3 25. exf6 dxe2 26. fxg7 Bf7 27. Nh5 Qd1 28.
Nf6+ Kxg7 29. Nxe8+ Kh8 30. Bxd1 exd1=Q 31. Rxd1 Rxd1+ 32. Kh2 Bxe8 33. cxb4
Kg8 34. a3 Ne5 35. Bb2 Rxa1 36. Bxa1 Nc4 37. a4 Kf7 38. Nf3 Ke6 39. Bg7 h5 40.
a5 Kf5 41. Nd4+ Ke4 42. Ne6 Bc6 43. f3+ Ke3 44. Nxc7 Bb7 45. Ne6 Bc8 46. Nc5 g5
47. Bf6 Kf4 48. Bd8 Na3 49. Bc7+ Kf5 50. Kg3 Nb5 51. Bd8 Nd4 52. Ne4 h4+ 53.
Kf2 Bd7 54. Bxg5 h3 55. g4+ 1-0

[Event "Brühler SK 1 - SF Brackel 1"]
[Site "NRW-Klasse. Gruppe 1 2017/201"]
[Date "2017.11.19"]
[Round "3.4"]
[White "Schaefer, Juergen"]
[Black "Steinmetzer, Thomas"]
[Result "0-1"]
[WhiteElo "2164"]
[BlackElo "2198"]
[PlyCount "70"]
[EventDate "2017.??.??"]
[WhiteTeam "Brühler SK 1"]
[BlackTeam "SF Brackel 1"]

1. e4 e5 2. Nf3 Nc6 3. Bc4 Nf6 4. Nc3 Nxe4 5. Nxe4 d5 6. Bd3 dxe4 7. Bxe4 Bd6
8. d3 Ne7 9. Nd2 f5 10. Bf3 c6 11. Nc4 Bb8 12. Qe2 Qc7 13. a4 O-O 14. g3 Be6
15. b3 Bd5 16. Bb2 Ng6 17. h4 Re8 18. h5 Nh8 19. O-O-O Nf7 20. Ne3 Be6 21. g4
f4 22. Nf5 Bxf5 23. gxf5 Nh6 24. Be4 Qf7 25. Rdg1 Bc7 26. Qd2 Rad8 27. Rg5 Rd7
28. Rhg1 Qf8 29. Qc3 Bb6 30. Bxc6 bxc6 31. Qxc6 Rc7 32. Qxh6 Kh8 33. Qe6 Rxe6
34. fxe6 Bxf2 35. Rf1 Qc5 0-1

[Event "Brühler SK 1 - SF Brackel 1"]
[Site "NRW-Klasse. Gruppe 1 2017/201"]
[Date "2017.11.19"]
[Round "3.5"]
[White "Goldschmidt, Christian"]
[Black "Peters, Alex"]
[Result "1/2-1/2"]
[WhiteElo "2131"]
[BlackElo "2178"]
[PlyCount "114"]
[EventDate "2017.??.??"]
[WhiteTeam "SF Brackel 1"]
[BlackTeam "Brühler SK 1"]

1. e4 e6 2. d4 d5 3. Nc3 dxe4 4. Nxe4 Bd7 5. Bd3 Bc6 6. Nf3 Nd7 7. c3 Be7 8.
Bf4 Ngf6 9. Nxf6+ Bxf6 10. O-O O-O 11. Qe2 b6 12. Rad1 Re8 13. Rfe1 Bb7 14. Ne5
Qe7 15. Qh5 g6 16. Qh3 Nxe5 17. Bxe5 Rad8 18. Qg3 Bxe5 19. Qxe5 Rd5 20. Qe2 Rd6
21. Be4 Bxe4 22. Qxe4 c6 23. Rd3 Red8 24. h4 c5 25. Red1 Qd7 26. h5 f5 27. Qh4
e5 28. hxg6 hxg6 29. Rh3 Qg7 30. d5 R8d7 31. c4 Qf6 32. Qh6 Qg7 33. Qe3 Qf6 34.
Re1 e4 35. b3 Re7 36. Qf4 g5 37. Qh2 f4 38. Rh5 e3 39. fxe3 Rxe3 40. Rf1 Rd7
41. Rh6 Qd4 42. Kh1 Ree7 43. Qh5 Qe5 44. Qg6+ Qg7 45. Qh5 Qxh6 46. Qxh6 Rh7 47.
Qxh7+ Rxh7+ 48. Kg1 Re7 49. Kf2 Kg7 50. g3 fxg3+ 51. Kxg3 Re4 52. Rf2 Rd4 53.
Re2 Kf7 54. Kf3 b5 55. Re4 Rd2 56. Re2 Rd4 57. Re4 Rd2 1/2-1/2

[Event "Brühler SK 1 - SF Brackel 1"]
[Site "NRW-Klasse. Gruppe 1 2017/201"]
[Date "2017.11.19"]
[Round "3.6"]
[White "Gramb, Marius"]
[Black "Boehm, Juergen"]
[Result "1/2-1/2"]
[WhiteElo "2072"]
[BlackElo "2145"]
[PlyCount "63"]
[EventDate "2017.??.??"]
[WhiteTeam "Brühler SK 1"]
[BlackTeam "SF Brackel 1"]

1. d4 d5 2. c4 c6 3. Nf3 Nf6 4. e3 Bf5 5. Nc3 e6 6. Nh4 Bg6 7. Be2 Nbd7 8. O-O
Be7 9. Nxg6 hxg6 10. Qb3 Qc7 11. g3 O-O 12. Rd1 Nb6 13. cxd5 exd5 14. Bd2 Rfe8
15. Rac1 Bd6 16. Nb5 Qe7 17. Nxd6 Qxd6 18. a4 Qd7 19. a5 Nc8 20. a6 b6 21. Bf1
Nd6 22. Bb4 Rac8 23. Rc2 Kh7 24. Rdc1 Ng8 25. Qa4 Ne7 26. Qa3 Rcd8 27. Qd3 Kg8
28. Qd1 Qf5 29. Bd3 Qh5 30. Be2 Qh6 31. Kg2 g5 32. Qd3 1/2-1/2

[Event "Brühler SK 1 - SF Brackel 1"]
[Site "NRW-Klasse. Gruppe 1 2017/201"]
[Date "2017.11.19"]
[Round "3.7"]
[White "Korten, Lando"]
[Black "Spilles, Matthias"]
[Result "1/2-1/2"]
[WhiteElo "2078"]
[BlackElo "2139"]
[PlyCount "99"]
[EventDate "2017.??.??"]
[WhiteTeam "SF Brackel 1"]
[BlackTeam "Brühler SK 1"]

1. d4 Nf6 2. c4 e6 3. Nc3 Bb4 4. e3 O-O 5. Nge2 Re8 6. a3 Bf8 7. Ng3 d5 8. cxd5
exd5 9. Be2 a5 10. O-O Na6 11. b3 c6 12. Bb2 Nc7 13. Rc1 g6 14. Na4 Ne6 15. Nc5
h5 16. Nxe6 Bxe6 17. Re1 Bd6 18. Nf1 Qe7 19. Bd3 Bxa3 20. Bxa3 Qxa3 21. Ra1 Qd6
22. Qc2 Kg7 23. Ra2 b6 24. Nd2 Rac8 25. Nf3 c5 26. dxc5 Qxc5 27. Qxc5 Rxc5 28.
b4 Rc3 29. Bb5 Rb8 30. Nd4 axb4 31. Rb2 Rbc8 32. Rxb4 Ne4 33. Rbb1 Kf6 34. Bf1
Nd2 35. Rb2 Nxf1 36. Kxf1 Ra8 37. Reb1 Ra6 38. Rxb6 Rc1+ 39. Rxc1 Rxb6 40. Ke2
Rb2+ 41. Rc2 Rxc2+ 42. Nxc2 Ke5 43. Kd2 Bd7 44. Nd4 Kd6 45. Kc3 Be8 46. Nb3 Ba4
47. Nc1 Bb5 48. Kd4 Bc4 49. e4 Bf1 50. g3 1/2-1/2

[Event "Brühler SK 1 - SF Brackel 1"]
[Site "NRW-Klasse. Gruppe 1 2017/201"]
[Date "2017.11.19"]
[Round "3.8"]
[White "Haskelman, Evgen"]
[Black "Strathoff, Martin"]
[Result "0-1"]
[WhiteElo "2107"]
[BlackElo "2032"]
[PlyCount "110"]
[EventDate "2017.??.??"]
[WhiteTeam "Brühler SK 1"]
[BlackTeam "SF Brackel 1"]

1. e4 c5 2. Nc3 Nc6 3. g3 g6 4. Bg2 Bg7 5. d3 d6 6. Be3 Nf6 7. h3 O-O 8. Nge2
Nd7 9. Qd2 Nd4 10. Nd1 Rb8 11. O-O b5 12. Nc1 Bb7 13. c3 Nc6 14. Bh6 Bxh6 15.
Qxh6 b4 16. Qd2 a5 17. Ne2 a4 18. c4 Qb6 19. g4 Nd4 20. Nxd4 cxd4 21. f4 b3 22.
a3 Bc6 23. Nf2 e5 24. f5 Qd8 25. g5 f6 26. fxg6 hxg6 27. gxf6 Qxf6 28. Qh6 Qg7
29. Qg5 Qf6 30. Qg3 Kg7 31. Ng4 Qe7 32. Bf3 Nc5 33. Be2 Ne6 34. Nxe5 dxe5 35.
Qxe5+ Kh7 36. Bg4 Bd7 37. h4 Qc5 38. Qg3 Rxf1+ 39. Rxf1 Rf8 40. Re1 Bc8 41. e5
Qe7 42. Bh3 Bb7 43. Bg4 Qf7 44. c5 Bd5 45. Bxe6 Qxe6 46. Rf1 Rxf1+ 47. Kxf1
Qf5+ 48. Ke2 Kh6 49. Ke1 Kh5 50. Kd2 Qg4 51. Qf2 Qg2 52. Qxg2 Bxg2 53. Ke1 Kxh4
54. Kf2 Bc6 55. e6 Kg5 0-1

[Event "SV Sundern 1 - SC Rochade Emsdetten 1"]
[Site "NRW-Klasse. Gruppe 1 2017/201"]
[Date "2017.11.19"]
[Round "3.2"]
[White "Hristodorescu, Daniel"]
[Black "Hiller, Simon"]
[Result "1/2-1/2"]
[WhiteElo "2268"]
[BlackElo "2113"]
[PlyCount "40"]
[EventDate "2017.??.??"]
[WhiteTeam "SV Sundern 1"]
[BlackTeam "SC Rochade Emsdetten 1"]

1. e4 c6 2. Nc3 d5 3. Nf3 Nf6 4. e5 Ne4 5. Be2 Nxc3 6. dxc3 e6 7. Qd4 Nd7 8. h4
Qc7 9. h5 f6 10. exf6 gxf6 11. h6 Rg8 12. Qh4 Bc5 13. b4 Bd6 14. Nd4 Ke7 15.
Bd2 Nf8 16. Bd3 Ng6 17. Bxg6 Rxg6 18. O-O-O e5 19. Rde1 Kf7 20. Nb3 Bd7 1/2-1/2

[Event "SV Sundern 1 - SC Rochade Emsdetten 1"]
[Site "NRW-Klasse. Gruppe 1 2017/201"]
[Date "2017.11.19"]
[Round "3.3"]
[White "De Groote, Ewoud"]
[Black "Stolte, Alexander"]
[Result "1/2-1/2"]
[WhiteElo "2266"]
[BlackElo "2173"]
[PlyCount "92"]
[EventDate "2017.??.??"]
[WhiteTeam "SC Rochade Emsdetten 1"]
[BlackTeam "SV Sundern 1"]

1. e4 c5 2. Nf3 d6 3. d4 cxd4 4. Qxd4 Nf6 5. Bb5+ Bd7 6. c4 e5 7. Qd3 Bxb5 8.
cxb5 d5 9. O-O Bd6 10. exd5 e4 11. Qe3 O-O 12. Ng5 Re8 13. Qe2 Nbd7 14. Nc3 Nb6
15. Rd1 Qd7 16. a4 Qf5 17. a5 Nbxd5 18. Nxd5 Nxd5 19. Qh5 Rad8 20. g4 Nf4 21.
gxf5 Nxh5 22. Be3 h6 23. Nh3 Re5 24. b6 a6 25. Rd4 Kf8 26. Rad1 Ke7 27. Nf4 Nf6
28. Ne2 Rxa5 29. b4 Rxf5 30. Ng3 Rb5 31. Bf4 Bxf4 32. Rxd8 Bxg3 33. hxg3 Rxb4
34. R8d6 a5 35. Kg2 Rb2 36. Kg1 h5 37. Kf1 a4 38. R6d4 Rxb6 39. Rxa4 Rb2 40.
Rc4 Ke6 41. Re1 Rd2 42. Rb4 g5 43. Rb5 Rd5 44. Rxb7 Re5 45. Ra1 Nd7 46. Ra6+
Ke7 1/2-1/2

[Event "SV Sundern 1 - SC Rochade Emsdetten 1"]
[Site "NRW-Klasse. Gruppe 1 2017/201"]
[Date "2017.11.19"]
[Round "3.4"]
[White "Tillmann, Markus"]
[Black "Lehmann, Holger"]
[Result "1-0"]
[WhiteElo "2064"]
[BlackElo "2168"]
[PlyCount "81"]
[EventDate "2017.??.??"]
[WhiteTeam "SV Sundern 1"]
[BlackTeam "SC Rochade Emsdetten 1"]

1. d4 d5 2. c4 c6 3. Nf3 e6 4. Nc3 dxc4 5. g3 b5 6. Bg2 Bb7 7. O-O Nf6 8. Ne5
Qc8 9. e4 Be7 10. g4 b4 11. Ne2 c5 12. Ng3 cxd4 13. Qxd4 Nc6 14. Nxc6 Qxc6 15.
g5 Rd8 16. Qe5 Bd6 17. Qa5 Nd7 18. Be3 O-O 19. Rfd1 Bc5 20. Rxd7 Bb6 21. Qe5
Qxd7 22. Nh5 Bd4 23. Qg3 Bxb2 24. Nf6+ Kh8 25. Nxd7 Rxd7 26. Rb1 c3 27. Bf3 a5
28. Qe5 Rfd8 29. Qxa5 Ba3 30. Rxb4 Bxb4 31. Qxb4 Rc8 32. Kg2 c2 33. h4 Ba8 34.
h5 Rdc7 35. Bc1 e5 36. h6 Rc5 37. Qd2 R5c6 38. Bg4 Re8 39. f3 gxh6 40. Qd7 Rf8
41. Qe7 1-0